| 000 | 01592nam a22001577a 4500 | ||
|---|---|---|---|
| 008 | 150518b xxu||||| |||| 00| 0 eng d | ||
| 020 | _a0297794019 | ||
| 050 | _aKD7576.H37 | ||
| 100 | _aHarris, Donald. | ||
| 245 |
_aRemedies in contract law and tort. / _cDonald Harris. |
||
| 260 |
_aLondon: _bWeidenfeld and Nicolson, _c1988. |
||
| 300 |
_axxxvii, 411p. : _c22cm. |
||
| 500 | _aIncludes index. | ||
| 505 | _aContents: Contract: Remedies for unfulfilled undertakings -- Introduction and economic concepts -- First -step remedies: Self-help -- Consumer protection -- Compensation and restitution: Damages: Introduction -- Remoteness -- Mitigation -- Reliance expenditure -- Pre-estimated damages -- Restitution -- Enforcement: Claims in debt -- Specific performance -- Substitute performance -- Injunctions and declarations -- Incentives: Incentives and disincentives -- Tort: Remedies for wrongdoing -- General issues in tort remedies: Objectives of the law -- Causation, mitigation and contributory Negligence -- Remoteness -- Exemplary damages -- Self-help -- Compensation for persona injuries and death: The Damages system in practice -- Personal injury damages: The formal law -- Damages upon death -- Appraisal of the damages system for personal injuries -- Protecting property and financial interests: Interference with the employment of land: Nuisance -- Protecting the right to occupy or use land -- Protecting the right to use chattels -- Protecting financial interests -- Interim protection and time limits: Interlocutory injunctions -- Time limits for claims. | ||
| 942 |
_2lcc _cBK |
||
| 999 |
_c5511 _d13011 |
||